000 00453nam a22001817a 4500
003 MPLRDC
005 20220104150144.0
008 210129b ||||| |||| 00| 0 eng d
082 _a848.2 ZDC-9 c.2
100 _a张大春
245 _a公寓导游
_c
250 _a初版三刷
260 _a台湾
_b时报文化出版有限公司
_c1986
300 _b226
490 _a人间丛书; 75
650 _a现代别集
942 _cBK
_o848.2 ZDC-9 c.2
999 _c51722
_d51712